Statistics for Most Obese Countries Bordering Each Other

Click here to take the quiz!

General Stats

  • This quiz has been taken 1,337 times
    (1,281 since last reset)
  • The average score is 14 of 18

Answer Stats

Country% Correct
United States
99%
Mexico
98%
Canada
97%
Saudi Arabia
82%
Iraq
80%
Turkey
80%
Israel
79%
Oman
79%
United Arab Emirates
79%
Jordan
78%
Qatar
78%
Syria
78%
Kuwait
77%
Lebanon
76%
Egypt
69%
Libya
65%
Algeria
64%
Tunisia
61%

Score Distribution

Percentile by Number Answered

Percent of People with Each Score

Your Score History

You have not taken this quiz since the last reset